000 00311nam a2200133Ia 4500
008 231129s1965||||xx |||||||||||||| ||spa||
040 _bspa
082 _aCo863 E18o
100 _aEcheverri Abad Luis Guillermo
245 0 _aObra completa 1944-1963
260 _c1965
264 _aBedout
942 _2ddc
_cBKS
999 _c21969
_d21969